|
|
|
|
| LEADER |
03642nam a2200673 4500 |
| 001 |
ocn779467921 |
| 003 |
OCoLC |
| 005 |
20170124071608.9 |
| 006 |
m o d |
| 007 |
cr cnu---unuuu |
| 008 |
120307s2012 enk ob 001 0 eng d |
| 040 |
|
|
|a N$T
|b eng
|e pn
|c N$T
|d EBLCP
|d E7B
|d OCLCQ
|d COO
|d DG1
|d OCLCF
|d UKDOC
|d OCLCQ
|d NLGGC
|d YDXCP
|d MHW
|d OCLCQ
|d DEBBG
|d OCLCQ
|d GrThAP
|
| 019 |
|
|
|a 780248223
|a 787845557
|
| 020 |
|
|
|a 9781118219621
|q (electronic bk.)
|
| 020 |
|
|
|a 1118219627
|q (electronic bk.)
|
| 020 |
|
|
|a 9781118704677
|q (electronic bk.)
|
| 020 |
|
|
|a 1118704673
|q (electronic bk.)
|
| 020 |
|
|
|z 9780813816982
|
| 020 |
|
|
|z 081381698X
|
| 020 |
|
|
|z 9781280587504
|
| 020 |
|
|
|z 1280587504
|
| 029 |
1 |
|
|a AU@
|b 000051629411
|
| 029 |
1 |
|
|a DEBBG
|b BV043394313
|
| 029 |
1 |
|
|a GBVCP
|b 79020357X
|
| 029 |
1 |
|
|a NZ1
|b 14694160
|
| 029 |
1 |
|
|a NZ1
|b 15915347
|
| 035 |
|
|
|a (OCoLC)779467921
|z (OCoLC)780248223
|z (OCoLC)787845557
|
| 050 |
|
4 |
|a RK529
|b .C67 2012eb
|
| 060 |
|
4 |
|a WU 600
|
| 072 |
|
7 |
|a MED
|x 085000
|2 bisacsh
|
| 082 |
0 |
4 |
|a 617.5/22
|2 23
|
| 049 |
|
|
|a MAIN
|
| 245 |
0 |
0 |
|a Cosmesis of the mouth, face, and jaws /
|c edited by Steven A. Guttenberg.
|
| 264 |
|
1 |
|a Chichester, West Sussex, UK :
|b John Wiley & Sons,
|c 2012.
|
| 300 |
|
|
|a 1 online resource
|
| 336 |
|
|
|a text
|b txt
|2 rdacontent
|
| 337 |
|
|
|a computer
|b c
|2 rdamedia
|
| 338 |
|
|
|a online resource
|b cr
|2 rdacarrier
|
| 504 |
|
|
|a Includes bibliographical references and index.
|
| 505 |
0 |
|
|a What is beauty? / Steven A. Guttenberg -- Smile design and dental veneers / Peter Rinaldi -- Dental implants / Neil L. Starr -- Aesthetic decisions in adult orthodontics / Wayne Hickory and Rohit Sachdeva -- Optimizing dental implant esthetics / Joel Rosenlicht and James Ward -- Lip and perioral cosmetic surgery / Jon Perenack -- Injectable fillers for cosmetic facial enhancement / Bruce N. Epker -- Aesthetic facial implants / William J. Binder -- Neuromuscular blockers for facial beauty / Paul Ruff -- Skin rejuvenation / Suzan Obagi and Shauna Kranendonk -- Scar revision / Saif S. Al-Bustani and R. Bryan Bell -- Cervicofacial liposuction / Douglas M. Monasabian -- Cosmetic blepharoplasty / Lauren Gavaris and Paul Gavaris -- Brow lifting / Matthew R. Hlavacek and Steven. J Prstojevich -- Cosmetic rhinoplasty / Leonard Spector -- Otoplasty : surgical correction of the prominent ear / Todd G. Owsley -- Rhytidoplalsty / Robert A. Strauss and Kevin Bond -- Short scar facelift options / Steven B. Hopping -- Aesthetic benefits of orthognathic surgery / Charles Dennis Hasse -- Minimally invasive orthognathic and condylar surgery / Carl Bouchard [and others] -- Hair transplantation / Marc. R. Avram and Nicole E. Rogers.
|
| 588 |
0 |
|
|a Print version record.
|
| 650 |
|
0 |
|a Mouth
|x Surgery.
|
| 650 |
|
0 |
|a Face
|x Surgery.
|
| 650 |
|
0 |
|a Jaws
|x Surgery.
|
| 650 |
|
0 |
|a Surgery, Plastic.
|
| 650 |
|
2 |
|a Mouth
|x surgery.
|
| 650 |
|
2 |
|a Face
|x surgery.
|
| 650 |
|
2 |
|a Jaw
|x surgery.
|
| 650 |
|
2 |
|a Reconstructive Surgical Procedures
|x methods.
|
| 650 |
|
7 |
|a MEDICAL
|x Surgery
|x General.
|2 bisacsh
|
| 650 |
|
7 |
|a Face
|x Surgery.
|2 fast
|0 (OCoLC)fst00919548
|
| 650 |
|
7 |
|a Jaws
|x Surgery.
|2 fast
|0 (OCoLC)fst00982154
|
| 650 |
|
7 |
|a Mouth
|x Surgery.
|2 fast
|0 (OCoLC)fst01028465
|
| 650 |
|
7 |
|a Surgery, Plastic.
|2 fast
|0 (OCoLC)fst01139417
|
| 655 |
|
4 |
|a Electronic books.
|
| 700 |
1 |
|
|a Guttenberg, Steven A.
|
| 776 |
0 |
8 |
|i Print version:
|t Cosmesis of the mouth, face, and jaws.
|d Chichester, West Sussex, UK : John Wiley & Sons, 2012
|z 9780813816982
|w (DLC) 2011042660
|w (OCoLC)756596938
|
| 856 |
4 |
0 |
|u https://doi.org/10.1002/9781118704677
|z Full Text via HEAL-Link
|
| 994 |
|
|
|a 92
|b DG1
|